Catalog

Record Details

Catalog Search



Dead Land.: V.I. Warshawski Cover Image Book Book

Dead Land.: V.I. Warshawski/ Sara Paretsky.

Paretsky, Sara. : (author).

Summary:

"Chicago may be the city of broad shoulders, but its political law is "Pay to Play." Money changes hands in the middle of the night, and by morning, buildings and parks are replaced by billion-dollar projects. Chicago PI V.I. Warshawski gets pulled into one of these clandestine deals through her impetuous goddaughter, Bernie Fouchard. Bernie tries to rescue Lydia Zamir, a famed singer-songwriter now living on the streets; Zamir's life fell apart when her lover was murdered next to her in a mass shooting at an outdoor concert. Not only does Bernie plunge her and V.I. headlong into the path of some ruthless developers, they lead to the murder of the young man Bernie is dating. He's a computer geek working for a community group called SLICK. V.I. is desperate to find a mysterious man named Coop, who roams the lakefront in the middle of the night with his dog. She's sure he holds the key to the mounting body count within SLICK. Coop may even know why an international law firm is representing the mass murderer responsible for Lydia's lover's death. Instead, the detective finds a terrifying conspiracy stretching from Chicago's parks to a cover-up of the dark chapters in America's meddling in South American politics. Before she finds answers, this electrifying novel pushes V.I. close to the breaking point: People who pay to play take no prisoners."--Provided by publisher

Record details

  • ISBN: 9780062435927
  • ISBN: 0062435922
  • Physical Description: 405 pages ; 24 cm
  • Publisher: HarperCollins 2020
Subject: Warshawski, V. I. (Fictitious character) > Fiction.
Women private investigators > Illinois > Chicago > Fiction.
Murder > Investigation > Illinois > Chicago > Fiction.
Organized crime > Fiction.
Conspiracies > Fiction.
Chicago (Ill.) > Fiction.
Genre: Thriller
Crime
Detective and mystery fiction.

Available copies

  • 1 of 1 copy available at scottsboropl.

Holds

  • 0 current holds with 1 total copy.
Show Only Available Copies
Location Call Number / Copy Notes Barcode Shelving Location Status Due Date
scottsboropl F Par 32269001151821 Adult - Fiction Available -

LDR 02035nam a2200241M 4500
001154113
003SBPL
00520200504102332.0
008191022s2020 xx 000 0 eng d
020 . ‡a9780062435927 ‡q(hardcover)
020 . ‡a0062435922 ‡q(hardcover)
035 . ‡a(CONS)154113
035 . ‡a(CPomAG)LMN617883
050 4. ‡aPS
08204. ‡a813/.54 ‡223
1001 . ‡aParetsky, Sara. : ‡eauthor
24510. ‡aDead Land.: ‡bV.I. Warshawski/ ‡cSara Paretsky.
264 1. ‡bHarperCollins ‡c2020
300 . ‡a405 pages ; ‡c24 cm
336 . ‡atext ‡btxt ‡2rdacontent
337 . ‡aunmediated ‡bn ‡2rdamedia
338 . ‡avolume ‡bnc ‡2rdacarrier
4901 . ‡aA V.I. Warshawski novel ; ‡vBk. 21
520 . ‡a"Chicago may be the city of broad shoulders, but its political law is "Pay to Play." Money changes hands in the middle of the night, and by morning, buildings and parks are replaced by billion-dollar projects. Chicago PI V.I. Warshawski gets pulled into one of these clandestine deals through her impetuous goddaughter, Bernie Fouchard. Bernie tries to rescue Lydia Zamir, a famed singer-songwriter now living on the streets; Zamir's life fell apart when her lover was murdered next to her in a mass shooting at an outdoor concert. Not only does Bernie plunge her and V.I. headlong into the path of some ruthless developers, they lead to the murder of the young man Bernie is dating. He's a computer geek working for a community group called SLICK. V.I. is desperate to find a mysterious man named Coop, who roams the lakefront in the middle of the night with his dog. She's sure he holds the key to the mounting body count within SLICK. Coop may even know why an international law firm is representing the mass murderer responsible for Lydia's lover's death. Instead, the detective finds a terrifying conspiracy stretching from Chicago's parks to a cover-up of the dark chapters in America's meddling in South American politics. Before she finds answers, this electrifying novel pushes V.I. close to the breaking point: People who pay to play take no prisoners."--Provided by publisher
650 0. ‡aWarshawski, V. I. (Fictitious character) ‡vFiction.
650 0. ‡aWomen private investigators ‡zIllinois ‡zChicago ‡vFiction.
650 0. ‡aMurder ‡xInvestigation ‡zIllinois ‡zChicago ‡vFiction.
650 0. ‡aOrganized crime ‡vFiction.
650 0. ‡aConspiracies ‡vFiction.
651 0. ‡aChicago (Ill.) ‡vFiction.
655 7. ‡aThriller
655 7. ‡aCrime
655 7. ‡aDetective and mystery fiction. ‡2lcgft
8001 . ‡aA V.I. Warshawski ; ‡vBk. 21
8301 . ‡aParetsky, Sara. ‡tV.I. Warshawski novel ; ‡v21.
901 . ‡a154113 ‡bUnknown ‡c154113 ‡tbiblio

Additional Resources